|
|
|
|
| LEADER |
00930nab a2200253 i 4500 |
| 001 |
publ31953 |
| 005 |
20250313111818.0 |
| 008 |
250313s1994 hu o 000 eng d |
| 022 |
|
|
|a 0340-9937
|
| 024 |
7 |
|
|a 1906810
|2 mtmt
|
| 040 |
|
|
|a SZTE Publicatio Repozitórium
|b hun
|
| 041 |
|
|
|a eng
|
| 100 |
1 |
|
|a Cornel J. H.
|
| 245 |
1 |
0 |
|a Potential and limitations of T-99m sestamibi scintigraphy for the diagnosis of myocardial viability [Möglichkeiten und Grenzen derTc-99m-Sestamibi-Szintigraphie zur Beurteilung der Myokardvitalität]
|h [elektronikus dokumentum] /
|c Cornel J. H.
|
| 260 |
|
|
|c 1994
|
| 300 |
|
|
|a 19-27
|
| 490 |
0 |
|
|a HERZ
|v 19 No. 1
|
| 650 |
|
4 |
|a Klinikai orvostan
|
| 700 |
0 |
1 |
|a Arnese M.
|e aut
|
| 700 |
0 |
1 |
|a Forster Tamás
|e aut
|
| 700 |
0 |
2 |
|a Postma-Tjoa J.
|e aut
|
| 700 |
0 |
2 |
|a Reijs A. E. M.
|e aut
|
| 700 |
0 |
2 |
|a Fioretti P. M.
|e aut
|
| 856 |
4 |
0 |
|u http://publicatio.bibl.u-szeged.hu/31953/1/aok_klny_17_94.pdf
|z Dokumentum-elérés
|